UBT Library

Federal rules of civil procedure with selected statutes and cases. (Record no. 41903)

000 -LEADER
fixed length control field 01989cas a2200421 a 4500
001 - CONTROL NUMBER
control field 11441590
005 - DATE AND TIME OF LATEST TRANSACTION
control field 20180206043935.0
008 - FIXED-LENGTH DATA ELEMENTS--GENERAL INFORMATION
fixed length control field 930811c19829999nyuar l 0 a0eng c
010 ## - LIBRARY OF CONGRESS CONTROL NUMBER
LC control number 94651208
Canceled/invalid LC control number 92072059
-- 94076324
-- 96076111
022 0# - INTERNATIONAL STANDARD SERIAL NUMBER
International Standard Serial Number 1074-4150
Source 1
035 ## - SYSTEM CONTROL NUMBER
System control number (OCoLC)ocm28617508
040 ## - CATALOGING SOURCE
Original cataloging agency FSL
Language of cataloging eng
Transcribing agency FSL
Modifying agency DLC
-- NSD
-- DLC
-- NSD
-- DLC
-- HVL
-- OCLCG
-- OCLCA
-- OCLCQ
-- DLC
-- UTV
-- OCLCF
-- OCLCO
-- YDXCP
-- YLS
-- OCL
-- LRP
-- OCLCQ
041 ## - LANGUAGE CODE
Language code of text/sound track or separate title eng
042 ## - AUTHENTICATION CODE
Authentication code pcc
-- nsdp
043 ## - GEOGRAPHIC AREA CODE
Geographic area code n-us---
080 ## - UNIVERSAL DECIMAL CLASSIFICATION NUMBER
Universal Decimal Classification number 347.73
082 00 - DEWEY DECIMAL CLASSIFICATION NUMBER
Classification number 347.73 YEA
-- 347.307
Edition number 20
100 ## - Rafti
Rafti 14
101 ## - Shkurtesa
Shkurtesa SHJ
210 0# - ABBREVIATED TITLE
Abbreviated title Fed. rules civil proced. sel. statut. cases
222 #0 - KEY TITLE
Key title Federal rules of civil procedure with selected statutes and cases
240 10 - UNIFORM TITLE
Uniform title <a href="Federal rules of civil procedure">Federal rules of civil procedure</a>
245 10 - TITLE STATEMENT
Title Federal rules of civil procedure with selected statutes and cases.
246 1# - VARYING FORM OF TITLE
Display text Issues for <2012-> have title:
Title proper/short title Federal rules of civil procedure with selected rules and statutes
246 1# - VARYING FORM OF TITLE
Display text Some vols. have title (varies slightly):
Title proper/short title Federal rules of civil procedure with selected statutes
246 1# - VARYING FORM OF TITLE
Title proper/short title Landers and Martin federal rules of civil procedure with selected statutes and cases
246 1# - VARYING FORM OF TITLE
Title proper/short title Federal rules of civil procedure with selected statutes, cases, and other materials
Date or sequential designation 2007
310 ## - CURRENT PUBLICATION FREQUENCY
Current publication frequency Annual
362 0# - DATES OF PUBLICATION AND/OR SEQUENTIAL DESIGNATION
Dates of publication and/or sequential designation 1982-
550 ## - ISSUING BODY NOTE
Issuing body note Promulgated and amended by the United States Supreme Court.
590 ## - LOCAL NOTE (RLIN)
Local note SERBIB/SERLOC merged record
776 08 - ADDITIONAL PHYSICAL FORM ENTRY
Display text Online version:
Main entry heading United States. Supreme Court.
Title Federal rules of civil procedure
Record control number (OCoLC)741490334
906 ## - LOCAL DATA ELEMENT F, LDF (RLIN)
a 7
b cbc
c serials
d u
e ncip
f 19
g n-oclcserc
942 ## - ADDED ENTRY ELEMENTS (KOHA)
Source of classification or shelving scheme
Item type Books
Holdings
Withdrawn status Lost status Source of classification or shelving scheme Damaged status Not for loan Collection code Permanent location Current location Shelving location Date acquired Total Checkouts Full call number Barcode Date last seen Price effective from Koha item type
          Koleksioni i përgjithshem UBT - Lipjan UBT - Lipjan Koleksioni i përgjithshem 02/06/2018   347.73 YEA 002-2999089 02/06/2018 02/06/2018 Books
UBT Library © 2015-2024. All rights reserved University Education for Business and Technology